000
00334 a2200157 4500
001
193030
020
_a
85-16-03581-6
040
_c
Magnum
100
_a
Montanari, Valdir
240
1
0
_a
Globalização
_l
por
245
1
0
_a
Globalização
300
_a
71
362
0
_a
2003
697
_a
ECONOMIA E DISCIPLINAS AFINS
942
_c
BK
999
_c
193030
_d
193030